| 000 | 00000nam 2200000za 4500 |
| 001 | 9.822525 |
| 003 | CaOODSP |
| 005 | 20221107143710 |
| 007 | cr ||||||||||| |
| 008 | 160812s2006 qucab o f000 0 fre d |
| 020 | |z0-662-72680-4 |
| 040 | |aCaOODSP|bfre |
| 043 | |an-cn--- |
| 086 | 1 |aR64-105/44-2006F-PDF|zR64-105/44-2006F |
| 110 | 2 |aParcs Canada. |
| 245 | 10|aLieu historique national du Canada des Remblais-de-Southwold |h[ressource électronique] : |bplan directeur. |
| 260 | |a[Gatineau, QC] : |bParcs Canada, |cc2006. |
| 300 | |aiii, 13 p. : |bill., cartes |
| 500 | |aPubl. aussi en anglais sous le titre : Southwold Earthworks National Historic Site of Canada: management plan. |
| 500 | |a« Février, 2007. » |
| 530 | |aÉgalement publ. en version imprimée. |
| 692 | 07|2gccst|aLieu historique |
| 692 | 07|2gccst|aGestion |
| 692 | 07|2gccst|aPlanification |
| 775 | 08|tSouthwold Earthworks National Historic Site of Canada |w(CaOODSP)9.822524 |
| 856 | 40|qPDF|s1.70 Mo|uhttps://publications.gc.ca/collections/collection_2016/pc/R64-105-44-2006-fra.pdf |